00654nam a22002417a 4500003000500000005001700005008004100022010001100063011001100074020001500085035001100100040000900111082001500120100002200135245007500157260003500232300001600267500003000283650002600313650002700339650002700366700001900393CHAP20220329143722.0110405s1975 us a r 00010 eng d a100858 a101830 a012099450X a112518 cCHAP04a547.2bB511 aBindra, Jasjit S.10aCreativity in organic synthesisc/por Jasjit S. Bindra y Ranjna Bindra aNew York :bAcademic,c[1975?] av. :bilus. aLa biblioteca tiene : v.114aQuímica orgánica.14aQuímicaxReacciones.14aReacciones químicas.1 aBindra, Ranjna